Normal view
MARC view
- United Kingdom
Entry Corporate Name
001 - CONTROL NUMBER
- control field: 5546
003 - CONTROL NUMBER IDENTIFIER
- control field: SIRSI
005 - DATE AND TIME OF LATEST TRANSACTION
- control field: 20190806150244.0
008 - FIXED-LENGTH DATA ELEMENTS
- fixed length control field: 080516n| acannaabn |n ana d
040 ## - CATALOGING SOURCE
- Original cataloging agency: OSt
- Transcribing agency: OSt
110 1# - HEADING--CORPORATE NAME
- Corporate name or jurisdiction name as entry element: United Kingdom
- Subordinate unit: Office of the Leader of the House of Commons
670 ## - SOURCE DATA FOUND
- Source citation: Preparing Britain for the future, 2008